Normal view
MARC view
- خليفة ، وليد/ م مشارك يزيد الخصاونة ، وائل الشرمان
Entry Personal Name
001 - CONTROL NUMBER
- control field: 43071
003 - CONTROL NUMBER IDENTIFIER
- control field: JO-AjAnu
005 - DATE AND TIME OF LATEST TRANSACTION
- control field: 20230606081136.0
008 - FIXED-LENGTH DATA ELEMENTS
- fixed length control field: 230606|| aca||aabn | a|a d
040 ## - CATALOGING SOURCE
- Original cataloging agency: JO-AjAnu
- Transcribing agency: JO-AjAnu
100 ## - HEADING--PERSONAL NAME
- Personal name: خليفة ، وليد/ م مشارك يزيد الخصاونة ، وائل الشرمان
670 ## - SOURCE DATA FOUND
- Source citation: Work cat.: (JO-AjAnu)22058: خليفة ، وليد/ م مشارك يزيد الخصاونة ، وائل الشرمان , author, التوحد بين النظرية والتطبيق